00345nam a2200133 a 45000010010000000030011000100080041000210350026000620820014000881000021001022450028001232600046001516500014001970000-8600ELIB.Books110520 1946  a(ELIB.Books)0000-8746 a252 bPle aPleune, Peter H. aThe Where abouts of God bNew York: Abingdon Cokesbury Press c1946 aPreaching